| 000 | 01417nam a22003617a 4500 | ||
|---|---|---|---|
| 003 | CHAP | ||
| 005 | 20220329134521.0 | ||
| 008 | 971013s1940 r 00010 d | ||
| 010 | _a21475 | ||
| 011 | _a22447 | ||
| 035 | _a26542 | ||
| 040 | _cCHAP | ||
| 082 |
_a581.52 _bC53 |
||
| 100 | 0 | 0 |
_aClausen, Jens. _923692 |
| 245 | _aExperimental studies on the nature of species | ||
| 260 |
_aWashington : _bCarnegie Institution, _c1940-48 |
||
| 300 |
_a3 v. _b: ilus. |
||
| 500 | _aContenio: v.1 Effect of varied environments on western north american plants -- v.2 Plant evolution throught amphiploidyand autoploidy, with... -- v.3 Environmental responses of climatic roces of achillea | ||
| 590 |
_aBATCH-UPD _b10 _c20130110 _lUCH01 _h1040 |
||
| 590 |
_aBATCH-UPD _b10 _c20130410 _lUCH01 _h0640 |
||
| 590 |
_aBATCH-UPD _b10 _c20130914 _lUCH01 _h0729 |
||
| 590 |
_aCONVERSION _b10 _c20130109 _lUCH01 _h1313 |
||
| 650 | 1 | 4 |
_aBotánica _xE.U.A. _914533 |
| 650 | 1 | 4 |
_aEcología vegetal. _935188 |
| 650 | 1 | 4 |
_aHerencia. _953725 |
| 901 | _aBK | ||
| 942 | _cLIBRO | ||
| 949 |
_a581.52 C53 _bBC _cBPA _d-61166 _eBPA _fv.1 _h9566 _i26542 _si |
||
| 949 |
_a581.52 C53 _bBC _cBPA _d-61167 _eBPA _fv.1 c.2 _h9567 _i26542 _si |
||
| 949 |
_a581.52 C53 _bBC _cBPA _d-61168 _eBPA _fv.1 c.3 _h9568 _i26542 _si |
||
| 949 |
_a581.52 C53 _bBC _cLIBRO _d-61169 _eLIBRO _fv.2 _h9569 _i26542 _si |
||
| 949 |
_a581.52 C53 _bBC _cLIBRO _d-61170 _eLIBRO _fv.3 _h9570 _i26542 _si |
||
| 999 |
_c21475 _d21475 |
||